| 000 | 00681cam a2200241 4500500 | ||
|---|---|---|---|
| 005 | 20260405003825.0 | ||
| 041 | _afre | ||
| 042 | _adc | ||
| 100 | 1 | 0 |
_aEnjalbert, Cédric _eauthor |
| 245 | 0 | 0 | _a“La Zone d’intérêt” : cloison maudite |
| 260 | _c2024. | ||
| 500 | _a8 | ||
| 690 | _aAuschwitz | ||
| 690 | _aBanalité du mal | ||
| 690 | _aCinéma | ||
| 690 | _aFilm | ||
| 690 | _aHannah Arendt | ||
| 690 | _aHorreur | ||
| 690 | _aNazis | ||
| 690 | _aShoah | ||
| 786 | 0 | _nPhilosophie magazine | 176 | 1-2 | 2024-02-01 | p. 67-67 | 1951-1787 | |
| 856 | 4 | 1 | _uhttps://shs.cairn.info/magazine-philosophie-magazine-2024-2-page-67?lang=fr&redirect-ssocas=7080 |
| 999 |
_c2071167 _d2071167 |
||